|
|
|
|
| LEADER |
00000cam a2200000 7i4500 |
| 001 |
0000016088 |
| 005 |
20080423.0 |
| 008 |
080421 |
| 020 |
|
|
|a 0131963635
|
| 090 |
0 |
0 |
|a 658.401
|b ACK
|
| 100 |
1 |
|
|a Ackoff,Russell Lincoln
|
| 245 |
1 |
0 |
|a Idealized design :
|b how to dissolve tomorrow's crisis...today
|c Russell L. Ackoff, Jason Magidson, Herbert J.Addison
|
| 260 |
|
|
|a New Jersy :
|b Wharton shcool publishing ,
|c 2006
|
| 650 |
|
0 |
|a Corporate culture
|x Case Studies
|
| 650 |
|
0 |
|a Craetive thinking
|x Case Studies
|
| 650 |
|
0 |
|a Creative ability in buniess
|x Case Studies
|
| 650 |
|
0 |
|a Organizational effectiveness
|x Case Studies
|
| 650 |
|
0 |
|a Technological innvations
|x Case studies
|
| 700 |
1 |
|
|a Ackoff
|
| 700 |
1 |
|
|a J.Addison Herbert
|
| 700 |
1 |
|
|a Magidson Jason
|
| 999 |
|
|
|a 0001018816
|b Book
|c REFERENCE
|e Perbadanan Perpustakaan Awam Johor
|